Nories's nautical tables: (Record no. 13217)
[ view plain ]
| 000 -LEADER | |
|---|---|
| fixed length control field | 00718nam a2200253 a 4500 |
| 005 - DATE AND TIME OF LATEST TRANSACTION | |
| control field | 20180430144212.0 |
| 008 - FIXED-LENGTH DATA ELEMENTS--GENERAL INFORMATION | |
| fixed length control field | 960221s1955 dcuabcdjdbkoqu001 0deng d |
| 080 ## - UNIVERSAL DECIMAL CLASSIFICATION NUMBER | |
| Universal Decimal Classification number | 527(083) |
| Item number | NOR |
| 100 ## - MAIN ENTRY--PERSONAL NAME | |
| Personal name | Blance, A G |
| Role | ed. |
| 245 ## - TITLE STATEMENT | |
| Title | Nories's nautical tables: |
| Remainder of title | with explanations of their use |
| 260 ## - PUBLICATION, DISTRIBUTION, ETC. (IMPRINT) | |
| Place of publication, distribution, etc | Cambridge |
| Name of publisher, distributor, etc | Shin |
| Date of publication, distribution, etc | England, Inray Louric Norie and Wilson, 1977 |
| 300 ## - PHYSICAL DESCRIPTION | |
| Extent | vi, 547p. |
| 500 ## - GENERAL NOTE | |
| General note | |
| 653 ## - INDEX TERM--UNCONTROLLED | |
| Uncontrolled term | nautical tables |
| -- | Navigation |
| -- | Nautical astronomy |
| -- | Aeronautical astronomy |
| 942 ## - ADDED ENTRY ELEMENTS (KOHA) | |
| item type | Books |
| 003 - CONTROL NUMBER IDENTIFIER | |
| control field | ViArRB |
| Lost status | Source of classification or shelving scheme | Not for loan | Home library | Current library | Date acquired | Total Checkouts | Full call number | Barcode | Date last seen | Price effective from | Koha item type |
|---|---|---|---|---|---|---|---|---|---|---|---|
| Universal Decimal Classification | University Library | University Library | 16/06/2010 | 527(083) NOR R | G0001502 | 16/06/2010 | 16/06/2010 | Reference |
